Name the Auxilary/Sixth Power Rangers - Statistics

General Stats
  • This quiz has been taken 2,040 times
  • The average score is 18 of 28
Answer Stats
Team Answer % Correct
Mighty Morphin (White) Tommy Oliver
97%
Zeo (Gold) (2) Jason Lee Scott
89%
Dino Thunder Trent Fernandez-Mercer
75%
Time Force (Quantum) Eric Myers
73%
Samurai Antonio Garcia
71%
Ninja Storm (Navy) Blake Bradley
70%
Ninja Storm (Crimson) Hunter Bradley
69%
Jungle Fury (Wolf) Robert 'RJ' James
69%
SPD (Omega) Sam
69%
Space (Silver) Zhane
69%
RPM (Gold) Gem
67%
Wild Force Merrick Baliton
66%
SPD (Shadow) Anubis 'Doggie' Cruger
65%
RPM (Silver) Gemma
65%
Lost Galaxy (Magna Defender) Mike Corbett
65%
Lightspeed Rescue (Titanium) Ryan Mitchell
65%
Super Megaforce Orion
62%
Zeo (Gold) (1) Trey of Triforia
62%
Mystic Force (White) Udonna
59%
Jungle Fury (Rhino) Dominic Hargan
58%
Megaforce Robo Knight
56%
SPD (Orange) (Dream Only) Boom
55%
Turbo Phantom Ranger
54%
Mystic Force (Solaris) Daggeron
51%
Mystic Force (Wolf) Leanbow
51%
SPD (Nova) Nova
49%
Operation Overdrive Tyzonn
46%
SPD (Kat) Kat Manx
37%
No matching quizzes found
Score Distribution
Percent of People with Each Score
Percentile by Number Answered
Your Score History
You have not taken this quiz